A vajdasági magyar oktatás civil szemmel

Elmentve itt :
Bibliográfiai részletek
Szerző: Nagy Margit
Testületi szerző: Európai oktatás és kisebbségi identitás a Duna-Körös-Maros-Tisza Eurorégióban (2007) (Szeged)
Dokumentumtípus: Könyv része
Megjelent: 2007
Sorozat:Belvedere Meridionale kiskönyvtár 18
Európai oktatás és kisebbségi identitás a Duna-Körös-Maros-Tisza Eurorégióban 18
Kulcsszavak:Kisebbség - oktatásügy - Vajdaság
Tárgyszavak:
Online Access:http://acta.bibl.u-szeged.hu/5508
LEADER 00920naa a2200229 i 4500
001 acta5508
005 20211202103325.0
008 161015s2007 hu o 0|| hun d
022 |a 1217-3495 
040 |a SZTE Egyetemi Kiadványok Repozitórium  |b hun 
041 |a hun 
100 1 |a Nagy Margit 
245 1 2 |a A vajdasági magyar oktatás civil szemmel  |h [elektronikus dokumentum] /  |c  Nagy Margit 
260 |c 2007 
300 |a 9-27 
490 0 |a Belvedere Meridionale kiskönyvtár  |v 18 
490 0 |a Európai oktatás és kisebbségi identitás a Duna-Körös-Maros-Tisza Eurorégióban  |v 18 
650 4 |a Társadalomtudományok 
650 4 |a Oktatástudomány 
695 |a Kisebbség - oktatásügy - Vajdaság 
710 |a Európai oktatás és kisebbségi identitás a Duna-Körös-Maros-Tisza Eurorégióban (2007) (Szeged) 
856 4 0 |u http://acta.bibl.u-szeged.hu/5508/1/belvedere_kk_018_009-027.pdf  |z Dokumentum-elérés